Developmental Psychology (Record no. 240057)

MARC details
000 -LEADER
fixed length control field 00383nam a2200145Ia 4500
005 - DATE AND TIME OF LATEST TRANSACTION
control field 20250729165803.0
008 - FIXED-LENGTH DATA ELEMENTS--GENERAL INFORMATION
fixed length control field 250729s2017 xx 000 0 und d
041 ## - LANGUAGE CODE
Language code of text/sound track or separate title eng
082 ## - DEWEY DECIMAL CLASSIFICATION NUMBER
Classification number 372.25 ELLD
100 ## - MAIN ENTRY--PERSONAL NAME
Personal name Elizabeth And Herrlock
9 (RLIN) 232989
245 ## - TITLE STATEMENT
Title Developmental Psychology
260 ## - PUBLICATION, DISTRIBUTION, ETC.
Place of publication, distribution, etc. Bangalore
Name of publisher, distributor, etc. Halluru Prakashana
Date of publication, distribution, etc. 2017
300 ## - PHYSICAL DESCRIPTION
Extent 477p
650 ## - SUBJECT ADDED ENTRY--TOPICAL TERM
Topical term or geographic name entry element Psychology
9 (RLIN) 232990
Holdings
Withdrawn status Lost status Damaged status Not for loan Home library Current library Date acquired Source of acquisition Total Checkouts Full call number Barcode Date last seen Price effective from Koha item type
        St Aloysius Library St Aloysius Library 07/29/2025 Management Book   372.25 ELLD BED05376 07/29/2025 07/29/2025 Book